000 01021nam a2200325 i 4500
001 bg
100 1 _aOsiński, Zbigniew
_d(1926-2001).
245 1 0 _aTeoria konstrukcji /
_cZbigniew Osiński, Jerzy Wróbel.
260 _aWarszawa :
_bWydawnictwo Naukowe PWN,
_c1995.
300 _a218, [2] s. :
_brys., wykr. ;
_c24 cm.
490 1 _aPodstawy Konstrukcji Maszyn
504 _aBibliogr. s. 212-213. - Indeks.
521 _aDla studentów wydz. mechanicznych uczelni technicznych i inżynierów projektantów.
650 9 _aMaszyny
_xprojekty
_xautomatyzacja
650 9 _aKomputery
_xstosowanie
_xtechnika
650 9 _aOptymalizacja
_xstosowanie
_xtechnika
655 _aPodręczniki akademickie
700 1 _aWróbel, Jerzy.
830 _aPodstawy Konstrukcji Maszyn
020 _a8301118407
040 _cBPK
041 0 _apl
080 _a621.01
080 _a519.8
080 _a004
080 _a(075.8)
920 _a83-01-11840-7
942 _cKS
008 s pl f |000 0 pol
999 _c37435
_d37435
856 _uhttp://koha.tu.koszalin.pl/cgi-bin/koha/opac-detail.pl?biblionumber=37435
_yKatalog online BPK